000 00389nam a2200169Ia 4500
001 25239
005 20260414151136.0
008 260414t1997||||xx |||||||||||||| ||spa||
041 _aESP
082 _a346.41
_bD59
100 _aBullard, Alfredo (ed.)
_eAUT
245 0 _aDerecho civil patrimonial
_b
260 _c1997
650 _aDER
654 _aCDE
942 _cLIB
_dJUS
_fJUS
_2ddc
_n
999 _c25239
_d25239